Catálogo
 En Linea

Experimentos simples para entender una tierra complicada : (Registro nro. 39887)

Detalles MARC
000 -CABECERA
campo de control de longitud fija 00586nam a2200157 a 4500
001 - NÚMERO DE CONTROL
campo de control 000040397
005 - FECHA Y HORA DE LA ÚLTIMA TRANSACCIÓN
campo de control 20201002034116.0
008 - DATOS DE LONGITUD FIJA--INFORMACIÓN GENERAL
campo de control de longitud fija 130823s2008 000 spa d
020 ## - NÚMERO INTERNACIONAL ESTÁNDAR DEL LIBRO
Número Internacional Estándar del Libro 9789703243884
040 ## - FUENTE DE LA CATALOGACIÓN
Centro catalogador/agencia de origen DO-SdBNP
Lengua de catalogación spa
Centro/agencia transcriptor BNPHU
100 ## - ENTRADA PRINCIPAL--NOMBRE DE PERSONA
Nombre de persona Alaniz Álvarez, Susana A.
9 (RLIN) 66700
245 10 - MENCIÓN DE TÍTULO
Título Experimentos simples para entender una tierra complicada :
Resto del título Eureka! los continentes y los océanos flotan /
Mención de responsabilidad, etc. Susana A. Alaniz Álvarez.
260 ## - PUBLICACIÓN, DISTRIBUCIÓN, ETC.
Lugar de publicación, distribución, etc. México :
Nombre del editor, distribuidor, etc. Universidad Nacional Autónoma de México,
Fecha de publicación, distribución, etc. 2008.
300 ## - DESCRIPCIÓN FÍSICA
Extensión 27 p. :
Otras características físicas il. ;
Dimensiones 22 cm.
500 ## - NOTA GENERAL
Nota general Primera reimpresión 2008
Existencias
Estado de retiro Estado de pérdida Restricciones de uso No para préstamo Código de colección Localización permanente Ubicación/localización actual Ubicación en estantería Fecha de adquisición Número de inventario Total de préstamos Signatura topográfica completa Código de barras Fecha visto por última vez Número de copia Precio válido a partir de Tipo de ítem Koha
      Excluido de préstamo Monografías: Libros y Folletos General General En catalogación 23.08.2013 LF1   40397-10 25.06.2020 e. 2 25.06.2020 No se presta
    Préstamo restringido   Monografías: Libros y Folletos General General En catalogación 23.08.2013 LF1   40397-20 25.06.2020 e. 3 25.06.2020 Préstamo restringido
      Excluido de préstamo Monografías: Libros y Folletos General General En catalogación 23.08.2013 LF1   40397-30 25.06.2020   25.06.2020 No se presta

Con tecnología Koha